| 000 | 00000nas##2200000za#4500 |
| 001 | 9.514834 |
| 003 | CaOODSP |
| 005 | 20200330165805 |
| 007 | ta |
| 008 | 150406c1992||||xxc|| m #||||f| |0eng|d |
| 022 | |a0706-4152 |
| 040 | |aCaOODSP|beng |
| 043 | |an-cn--- |
| 086 | 1 |aCH57-3/1E |
| 110 | 1 |aCanada.|bCanadian Heritage. |bCanadian Conservation Institute. |
| 245 | 10|aTechnical bulletin |
| 260 | |aOttawa - Ontario : |bCanadian Heritage. |c1975--. |
| 310 | |aIrregular |
| 362 | 1 |aNo. 1-- |
| 563 | |aSoftcover |
| 775 | 08|tTechnical bulletin |w(CaOODSP)9.509556 |
| 775 | 08|tBulletin technique |w(CaOODSP)9.509557 |
| 775 | 08|tBulletin technique |w(CaOODSP)9.513182 |
| 776 | 0#|tTechnical bulletin |w(CaOODSP)9.806394 |